| 000 | 00590nam a2200181 i 4500 | ||
|---|---|---|---|
| 001 | 77508 | ||
| 003 | ES-MaACL | ||
| 005 | 20230906173242.0 | ||
| 007 | t| | ||
| 008 | 041019s1910 fr ||||1| fre d | ||
| 245 | 0 | 0 |
_aAnthologie des humoristes anglais et américains (du XVIIe siècle a nos jours) / _cpar Michel Epuy. |
| 260 |
_aParis : _bC. Delagrave, _c1910 ( _eCouloummiers : _fP. Brodard) |
||
| 300 |
_aXVI, 486 p. ; _c17 cm. |
||
| 650 | 4 |
_aHumorismo inglés. _9148464 |
|
| 650 | 4 |
_aHumorismo norteamericano. _9148465 |
|
| 700 | 0 |
_aEpuy, Michel. _947338 |
|
| 852 |
_aES-MaACL _jG-15684 |
||
| 999 |
_c77508 _d77508 |
||